00795cam a22002414a 450000100090000000300040000900500170001300800410003001000170007102000150008804000180010304200080012105000210012908200150015010000210016524500480018626000360023430000350027050400600030565000180036585600950038385600750047813226256OSt20151014101537.0030605s2003 nyua b 001 0 eng  a 2003051119 a0071416315 aDLCcDLCdDLC apcc00aQA531b.G53 200300a516.242211 aGibilisco, Stan.10aTrigonometry demystified /cStan Gibilisco. aNew York :bMcGraw-Hill,c2003. axiii, 303 p. :bill. ;c24 cm. aIncludes bibliographical references (p. 297) and index. 0aTrigonometry.423Contributor biographical informationuhttp://www.loc.gov/catdir/bios/mh042/2003051119.html413Table of contentsuhttp://www.loc.gov/catdir/toc/mh031/2003051119.html